Sonic Lyrics - Live and Learn - Statistics

General Stats
  • This quiz has been taken 49 times
  • The average score is 13 of 23
Answer Stats
Hint Lyric % Correct
Ooh, Looks like it ____ ____ __ ____ Came back for more
97%
Can you feel time, ____ ____ ____ _____? Slippin' down your spine
81%
Can you feel life, ____ _____ ____ ____? Movin' through your mind
76%
Oh, you try and ___ __ ______ Try to ignore
76%
Live and learn, _____ __ ___ ____ __ ________ Hanging on the edge of tomorrow
73%
Live and learn, _____ __ ___ ____ __ ________ Hanging on the edge of tomorrow
73%
But you can hardly swallow ____ ___ ___ ____ Your fears and pain
70%
And you can't ____ ___ _______ Help but follow
59%
Can you feel life ______ ___ __ ______? Tangle you up inside
59%
Yeah! Now your ____ ____ __ ___ _____ Face down on the floor
57%
Live and learn, __ ___ ___ __ __ ___ ______ If you beg or if you borrow
57%
Live and learn, __ ___ ___ __ __ ___ ______ If you beg or if you borrow
57%
Live and learn, ____ ___ _____ __ _________ From the works of yesterday
51%
Live and learn, ____ ___ _____ __ _________ From the works of yesterday
51%
There's a place searching far, __ ___ ___ ____ so far and wide
51%
Hold on to ____ __ What if
51%
Live and learn, ___ ___ _____ ____ ____ ___ You may never find your way
51%
Live and learn, ___ ___ _____ ____ ____ ___ You may never find your way
51%
You've paid __ _____ In trade
46%
But you can't ____ ____ _______ Save your sorrow
46%
And you can't help but follow, and ___ ___ _____ ___ ___ ___ ____ Puts you right back where you came
41%
And ____ ___ _____ ____ _____ ___ _____ Puts you right back where you came
41%
There's a place where you dream ____ ______ ____ You'd never find
30%
No matching quizzes found
Score Distribution
Percent of People with Each Score
Percentile by Number Answered
Your Score History
You have not taken this quiz